Southville International School and Colleges
Your cart is empty.
  • Cart
  • Lists
    Public lists Eva Luna New books Lux_list list_1
    Your lists Log in to create your own lists
  • Log in to your account
  • Your cookies
  • Search history
Southville International School and Colleges
  • Advanced search
  • Recent comments
  • Most popular
  • Libraries

Log in to your account

Log in with GOOGLE


If you do not have an external account, but do have a local account, you can still log in:

  1. Home
  2. MARC view: Holt chemistry : visualizing matter /
Normal view MARC view ISBD view

Holt chemistry : visualizing matter / (Record no. 10463)

[ view plain ]
MARC details
000 -LEADER
fixed length control field 00582nam a22002057a 4500
003 - CONTROL NUMBER IDENTIFIER
control field SISC
005 - DATE AND TIME OF LATEST TRANSACTION
control field 20160217140806.0
008 - FIXED-LENGTH DATA ELEMENTS--GENERAL INFORMATION
fixed length control field 130906t xxu||||| |||| 00| 0 eng d
050 ## - LIBRARY OF CONGRESS CALL NUMBER
Classification number QD 45
Item number .M996 2000
082 ## - DEWEY DECIMAL CLASSIFICATION NUMBER
Classification number HS 540
Item number M99 2000
100 ## - MAIN ENTRY--PERSONAL NAME
Personal name Myers, R. Thomas
9 (RLIN) 16763
245 ## - TITLE STATEMENT
Title Holt chemistry : visualizing matter /
Statement of responsibility, etc R. Thomas Myers
250 ## - EDITION STATEMENT
Edition statement Technology Edition
260 ## - PUBLICATION, DISTRIBUTION, ETC. (IMPRINT)
Place of publication, distribution, etc Austin :
Name of publisher, distributor, etc Holt, Rinehart,
Date of publication, distribution, etc c2000.
300 ## - PHYSICAL DESCRIPTION
Extent 484 p. ;
Other physical details ill. col. ;
Dimensions 29 cm.
650 ## - SUBJECT ADDED ENTRY--TOPICAL TERM
Topical term or geographic name as entry element Chemistry
9 (RLIN) 1508
700 ## - ADDED ENTRY--PERSONAL NAME
Personal name Oldham, Keith B.
9 (RLIN) 16764
942 ## - ADDED ENTRY ELEMENTS (KOHA)
Source of classification or shelving scheme Library of Congress Classification
Koha item type Books
Holdings
Withdrawn status Lost status Source of classification or shelving scheme Damaged status Home library Current library Shelving location Date acquired Total Checkouts Full call number Barcode Date last seen Copy number Price effective from Koha item type
    Library of Congress Classification   Luxembourg Library Luxembourg Library High School Section 09/06/2013   QD 45 .M996 2000 10036 08/14/2015 1 09/06/2013 Books

Holt chemistry : visualizing matter /

APA

Myers R. T., Oldham K. B., . (2000). Holt chemistry : visualizing matter. Austin: Holt, Rinehart.

Chicago

Myers R Thomas, Oldham Keith B, . 2000. Holt chemistry : visualizing matter. Austin: Holt, Rinehart.

Harvard

Myers R. T., Oldham K. B., . (2000). Holt chemistry : visualizing matter. Austin: Holt, Rinehart.

MLA

Myers R Thomas, Oldham Keith B, . Holt chemistry : visualizing matter. Austin: Holt, Rinehart. 2000.

  • Place hold
  • Print
  • Cite
  • Add to your cart (remove)
  • Save record
    BIBTEX Dublin Core MARCXML MARC (non-Unicode/MARC-8) MARC (Unicode/UTF-8) MARC (Unicode/UTF-8, Standard) MODS (XML) RIS
  • More searches
    Search for this title in:
    Other Libraries (WorldCat) Other Databases (Google Scholar) Online Stores (Bookfinder.com) Open Library (openlibrary.org)

Exporting to Dublin Core...

SOUTHVILLE LIBRARY

Southville International School and Colleges Library

1281 Tropical Ave. Cor. Luxembourg St., BF Homes International, Las Pinas City

Tel. No. 8256374 / 252358 Loc. 117/146

Powered by Koha